000
00306nam a22001337a 4500
003
SGT
020
_a
9788189530976
082
_a
340.072
_b
TEW
100
_a
TEWARI H.N
245
_a
LEGAL RESEARCH METHODOLOGY
260
_a
FARIDABAD
_b
ALLAHABAD LAW AGENCY
_c
2019
300
_a
264
942
_2
ddc
_c
BK
_0
12
999
_c
25768
_d
25768